[Event "2023 National K-12 Grade Championships"]
[Site "Orlando, Florida, United States"]
[Date "2023.12.15"]
[Round "2.17"]
[White "Vinayagaram, Nethra"]
[Black "Jiang, Andrew"]
[Result "0-1"]
[TimeControl "G/90;d10"]
[WhiteElo "1574"]
[BlackElo "2314"]

1. e4 {[%clk 01:30:00]} {[%emt 00:00:05]} e5 {[%clk 01:30:00]} {[%emt
00:00:10]} 2. Nf3 {[%clk 01:29:57]} {[%emt 00:00:14]} Nc6 {[%clk 01:30:00]}
{[%emt 00:00:08]} 3. d4 {[%clk 01:29:57]} {[%emt 00:00:07]} exd4 {[%clk
01:30:00]} {[%emt 00:00:06]} 4. Bc4 {[%clk 01:29:56]} {[%emt 00:00:12]} Nf6
{[%clk 01:30:00]} {[%emt 00:00:08]} 5. e5 {[%clk 01:29:56]} {[%emt 00:00:06]}
Ne4 {[%clk 01:30:00]} {[%emt 00:00:05]} 6. O-O {[%clk 01:22:19]} {[%emt
00:07:47]} d5 {[%clk 01:30:00]} {[%emt 00:00:04]} 7. Bb5 {[%clk 01:21:34]}
{[%emt 00:00:55]} Bg4 {[%clk 01:26:45]} {[%emt 00:03:23]} 8. Qd3 {[%clk
01:08:46]} {[%emt 00:13:00]} Bxf3 {[%clk 01:17:14]} {[%emt 00:09:41]} 9. Qxf3
{[%clk 01:07:14]} {[%emt 00:01:42]} Qd7 {[%clk 01:08:51]} {[%emt 00:08:34]} 10.
c4 {[%clk 00:49:51]} {[%emt 00:17:33]} dxc3 {[%clk 00:57:46]} {[%emt 00:11:15]}
11. Nxc3 {[%clk 00:49:22]} {[%emt 00:00:39]} a6 {[%clk 00:57:46]} {[%emt
00:00:08]} 12. Bxc6 {[%clk 00:45:25]} {[%emt 00:04:07]} Qxc6 {[%clk 00:57:46]}
{[%emt 00:00:07]} 13. Nxe4 {[%clk 00:37:26]} {[%emt 00:08:10]} dxe4 {[%clk
00:57:46]} {[%emt 00:00:07]} 14. Qe2 {[%clk 00:32:36]} {[%emt 00:05:00]} O-O-O
{[%clk 00:54:41]} {[%emt 00:03:13]} 15. Bf4 {[%clk 00:30:18]} {[%emt 00:02:29]}
h6 {[%clk 00:47:24]} {[%emt 00:07:28]} 16. Rac1 {[%clk 00:27:56]} {[%emt
00:02:32]} Qe6 {[%clk 00:47:24]} {[%emt 00:00:08]} 17. Qxe4 {[%clk 00:23:40]}
{[%emt 00:04:28]} g5 {[%clk 00:46:01]} {[%emt 00:01:33]} 18. Qc2 {[%clk
00:21:07]} {[%emt 00:02:43]} Rd7 {[%clk 00:45:37]} {[%emt 00:00:35]} 19. Bg3
{[%clk 00:17:16]} {[%emt 00:04:01]} Bg7 {[%clk 00:44:53]} {[%emt 00:00:53]} 20.
Rfe1 {[%clk 00:16:35]} {[%emt 00:00:50]} Re8 {[%clk 00:39:24]} {[%emt
00:05:39]} 21. a3 {[%clk 00:13:44]} {[%emt 00:03:03]} Kb8 {[%clk 00:33:29]}
{[%emt 00:06:04]} 22. f3 {[%clk 00:12:09]} {[%emt 00:01:45]} h5 {[%clk
00:32:09]} {[%emt 00:01:29]} 23. f4 {[%clk 00:11:26]} {[%emt 00:00:54]} gxf4
{[%clk 00:28:28]} {[%emt 00:03:51]} 24. Bxf4 {[%clk 00:11:26]} {[%emt
00:00:05]} Rde7 {[%clk 00:26:00]} {[%emt 00:02:38]} 25. Bg3 {[%clk 00:09:31]}
{[%emt 00:02:05]} Ka8 {[%clk 00:25:01]} {[%emt 00:01:09]} 26. h3 {[%clk
00:06:57]} {[%emt 00:02:44]} Rd7 {[%clk 00:20:35]} {[%emt 00:04:37]} 27. Kh1
{[%clk 00:06:10]} {[%emt 00:00:56]} Red8 {[%clk 00:18:25]} {[%emt 00:02:19]} 28.
Re2 {[%clk 00:05:52]} {[%emt 00:00:29]} Kb8 {[%clk 00:11:02]} {[%emt 00:07:33]}
29. Kg1 {[%clk 00:05:39]} {[%emt 00:00:22]} Bf8 {[%clk 00:08:29]} {[%emt
00:02:43]} 30. Kh1 {[%clk 00:04:15]} {[%emt 00:01:35]} b6 {[%clk 00:05:44]}
{[%emt 00:02:56]} 31. Bf4 {[%clk 00:03:51]} {[%emt 00:00:34]} Be7 {[%clk
00:05:09]} {[%emt 00:00:44]} 32. Qa4 {[%clk 00:03:13]} {[%emt 00:00:48]} Rd4
{[%clk 00:04:53]} {[%emt 00:00:26]} 33. Qc2 {[%clk 00:02:25]} {[%emt 00:00:59]}
Rxf4 {[%clk 00:03:14]} {[%emt 00:01:49]} 34. Qxc7+ {[%clk 00:02:25]} {[%emt
00:00:05]} Ka8 {[%clk 00:03:14]} 35. Rc6 {[%emt 00:00:15]} Rf1+ {[%clk
00:02:28]} {[%emt 00:00:54]} 36. Kh2 {[%clk 00:02:20]} {[%emt 00:00:04]} Qf5
{[%clk 00:02:13]} {[%emt 00:00:26]} 37. Rcc2 {[%clk 00:02:03]} {[%emt
00:00:27]} Qf4+ {[%clk 00:01:43]} {[%emt 00:00:40]} 38. g3 {[%clk 00:02:03]}
{[%emt 00:00:02]} Qf3 {[%clk 00:01:40]} {[%emt 00:00:12]} 39. Rg2 {[%clk
00:01:53]} {[%emt 00:00:21]} Qb7 {[%clk 00:01:26]} {[%emt 00:00:22]} 40. Qc4
{[%clk 00:01:53]} {[%emt 00:00:12]} Rdd1 {[%clk 00:01:24]} {[%emt 00:00:12]} 41.
g4 {[%emt 00:01:10]} h4 {[%clk 00:01:22]} {[%emt 00:00:09]} 42. Qc8+ {[%clk
00:00:37]} {[%emt 00:00:29]} Qxc8 {[%clk 00:01:22]} {[%emt 00:00:04]} 43. Rxc8+
{[%clk 00:00:37]} Kb7 {[%clk 00:01:22]} {[%emt 00:00:01]} 44. Rgc2 {[%clk
00:00:37]} {[%emt 00:00:06]} Rh1+ {[%clk 00:01:09]} {[%emt 00:00:24]} 45. Kg2
{[%clk 00:00:37]} Rdg1+ {[%clk 00:01:09]} 46. Kf2 {[%clk 00:00:37]} {[%emt
00:00:04]} Bc5+ {[%clk 00:01:09]} {[%emt 00:00:06]} 47. R8xc5 {[%clk 00:00:37]}
{[%emt 00:00:05]} bxc5 {[%clk 00:01:09]} {[%emt 00:00:02]} 48. Rxc5 {[%clk
00:00:37]} Rb1 {[%clk 00:01:09]} {[%emt 00:00:05]} 49. b4 {[%clk 00:00:37]}
{[%emt 00:00:08]} Rxh3 {[%clk 00:01:09]} {[%emt 00:00:07]} 50. Kg2 {[%clk
00:00:37]} {[%emt 00:00:08]} Rxa3 {[%clk 00:01:09]} {[%emt 00:00:04]} 51. Rc2
{[%clk 00:00:37]} {[%emt 00:00:03]} Rxb4 {[%clk 00:01:08]} {[%emt 00:00:11]} 52.
g5 {[%clk 00:00:35]} {[%emt 00:00:12]} Rg4+ {[%clk 00:01:08]} {[%emt 00:00:02]}
53. Kf2 {[%emt 00:00:19]} Rxg5 {[%clk 00:01:08]} {[%emt 00:00:02]} 54. Rb2+
{[%clk 00:00:27]} {[%emt 00:00:03]} Kc6 {[%clk 00:01:08]} {[%emt 00:00:05]} 55.
Rc2+ {[%clk 00:00:27]} {[%emt 00:00:01]} Kd5 {[%clk 00:01:08]} {[%emt
00:00:02]} 56. Rd2+ {[%clk 00:00:27]} {[%emt 00:00:05]} Kxe5 {[%clk 00:01:08]}
{[%emt 00:00:02]} 57. Rc2 {[%clk 00:00:27]} {[%emt 00:00:03]} h3 {[%clk
00:01:08]} {[%emt 00:00:03]} 58. Rc5+ {[%clk 00:00:19]} {[%emt 00:00:18]} Kf6
{[%clk 00:01:08]} {[%emt 00:00:03]} 59. Rxg5 {[%clk 00:00:19]} {[%emt
00:00:03]} Kxg5 {[%clk 00:01:08]} {[%emt 00:00:02]} 60. Kg1 {[%clk 00:00:19]}
{[%emt 00:00:03]} Ra2 {[%clk 00:01:08]} {[%emt 00:00:02]} 61. Kh1 {[%clk
00:00:19]} {[%emt 00:00:02]} Kg4 {[%clk 00:01:08]} {[%emt 00:00:03]} 62. Kg1
{[%clk 00:00:19]} {[%emt 00:00:02]} Kf3 {[%clk 00:01:08]} {[%emt 00:00:02]} 63.
Kh1 {[%clk 00:00:19]} {[%emt 00:00:04]} Kg3 {[%clk 00:01:08]} {[%emt 00:00:01]}
64. Kg1 {[%clk 00:00:19]} {[%emt 00:00:01]} Ra1# {[%emt 00:00:01]} 0-1

[Event "2023 National K-12 Grade Championships"]
[Site "Orlando, Florida, United States"]
[Date "2023.12.15"]
[Round "2.18"]
[White "Luo, Wesley"]
[Black "Yan, Isabella"]
[Result "1-0"]
[TimeControl "G/90;d10"]
[WhiteElo "2151"]
[BlackElo "1570"]

1. e4 {[%clk 01:30:00]} e5 {[%clk 01:30:00]} {[%emt 00:00:13]} 2. Nf3 {[%clk
01:30:00]} {[%emt 00:00:04]} Nc6 {[%clk 01:30:00]} {[%emt 00:00:10]} 3. Bc4
{[%clk 01:30:00]} {[%emt 00:00:04]} Bc5 {[%clk 01:30:00]} {[%emt 00:00:07]} 4.
c3 {[%clk 01:30:00]} {[%emt 00:00:06]} Nf6 {[%clk 01:30:00]} {[%emt 00:00:04]}
5. d4 {[%clk 01:30:00]} {[%emt 00:00:04]} exd4 {[%clk 01:30:00]} {[%emt
00:00:06]} 6. e5 {[%clk 01:30:00]} {[%emt 00:00:04]} d5 {[%clk 01:30:00]}
{[%emt 00:00:06]} 7. Bb5 {[%clk 01:30:00]} {[%emt 00:00:04]} Ne4 {[%clk
01:29:56]} {[%emt 00:00:14]} 8. cxd4 {[%clk 01:30:00]} {[%emt 00:00:04]} Bb6
{[%clk 01:29:35]} {[%emt 00:00:30]} 9. Nc3 {[%clk 01:30:00]} {[%emt 00:00:05]}
O-O {[%clk 01:28:41]} {[%emt 00:01:05]} 10. Be3 {[%clk 01:30:00]} {[%emt
00:00:03]} Bg4 {[%clk 01:28:05]} {[%emt 00:00:47]} 11. h3 {[%clk 01:30:00]}
{[%emt 00:00:04]} Bh5 {[%clk 01:28:05]} {[%emt 00:00:08]} 12. Qc2 {[%clk
01:30:00]} {[%emt 00:00:05]} Bg6 {[%clk 01:26:45]} {[%emt 00:01:29]} 13. Qb3
{[%clk 01:30:00]} {[%emt 00:00:05]} Nxc3 {[%clk 01:25:44]} {[%emt 00:01:12]} 14.
bxc3 {[%clk 01:29:41]} {[%emt 00:00:29]} Na5 {[%clk 01:20:41]} {[%emt
00:05:15]} 15. Qb4 {[%clk 01:29:10]} {[%emt 00:00:40]} a6 {[%clk 01:18:21]}
{[%emt 00:02:31]} 16. Be2 {[%clk 01:27:55]} {[%emt 00:01:23]} Nc6 {[%clk
01:14:08]} {[%emt 00:04:23]} 17. Qa4 {[%clk 01:26:33]} {[%emt 00:01:33]} Ba5
{[%clk 01:11:47]} {[%emt 00:02:31]} 18. Qb3 {[%clk 01:25:24]} {[%emt 00:01:18]}
b5 {[%clk 01:10:44]} {[%emt 00:01:13]} 19. O-O {[%clk 01:23:48]} {[%emt
00:01:45]} Bb6 {[%clk 01:03:49]} {[%emt 00:07:07]} 20. a4 {[%clk 01:21:30]}
{[%emt 00:02:27]} Na5 {[%clk 01:02:32]} {[%emt 00:01:27]} 21. Qb4 {[%clk
01:19:46]} {[%emt 00:01:52]} c6 {[%clk 00:57:12]} {[%emt 00:05:30]} 22. Bg5
{[%clk 01:18:14]} {[%emt 00:01:42]} f6 {[%clk 00:56:03]} {[%emt 00:01:20]} 23.
Bh4 {[%clk 01:16:02]} {[%emt 00:02:22]} Nc4 {[%clk 00:54:34]} {[%emt 00:01:40]}
24. Bxc4 {[%clk 01:15:23]} {[%emt 00:00:49]} bxc4 {[%clk 00:53:42]} {[%emt
00:01:02]} 25. a5 {[%clk 01:14:40]} {[%emt 00:00:53]} Bc7 {[%clk 00:51:37]}
{[%emt 00:02:14]} 26. Rfe1 {[%clk 01:13:02]} {[%emt 00:01:47]} Re8 {[%clk
00:43:11]} {[%emt 00:08:36]} 27. Qa4 {[%clk 01:08:03]} {[%emt 00:05:09]} Kf7
{[%clk 00:37:51]} {[%emt 00:05:31]} 28. exf6 {[%clk 01:05:12]} {[%emt
00:03:01]} gxf6 {[%clk 00:35:53]} {[%emt 00:02:07]} 29. Ne5+ {[%clk 01:03:48]}
{[%emt 00:01:34]} Bxe5 {[%clk 00:34:46]} {[%emt 00:01:17]} 30. dxe5 {[%clk
01:03:48]} {[%emt 00:00:07]} Qc7 {[%clk 00:32:26]} {[%emt 00:02:30]} 31. Bxf6
{[%clk 01:03:27]} {[%emt 00:00:31]} Rab8 {[%clk 00:31:44]} {[%emt 00:00:52]} 32.
Qd1 {[%clk 01:01:33]} {[%emt 00:02:04]} Re6 {[%clk 00:28:26]} {[%emt 00:03:28]}
33. Qf3 {[%clk 01:00:31]} {[%emt 00:01:12]} Kg8 {[%clk 00:27:52]} {[%emt
00:00:45]} 34. Qg4 {[%clk 01:00:10]} {[%emt 00:00:31]} Ree8 {[%clk 00:24:10]}
{[%emt 00:03:51]} 35. f4 {[%clk 00:59:26]} {[%emt 00:00:53]} Qc8 {[%clk
00:23:19]} {[%emt 00:01:02]} 36. e6 {[%clk 00:58:47]} {[%emt 00:00:49]} Rf8
{[%clk 00:19:22]} {[%emt 00:04:08]} 37. Qg5 {[%clk 00:58:33]} {[%emt 00:00:22]}
Qc7 {[%clk 00:18:00]} {[%emt 00:01:32]} 38. f5 {[%clk 00:57:56]} {[%emt
00:00:48]} Rxf6 {[%clk 00:17:47]} {[%emt 00:00:23]} 39. Qxf6 {[%clk 00:57:26]}
{[%emt 00:00:40]} Rf8 {[%clk 00:13:47]} {[%emt 00:04:09]} 40. Qd4 {[%clk
00:56:41]} {[%emt 00:00:55]} Bxf5 {[%clk 00:12:58]} {[%emt 00:00:59]} 41. Re5
{[%clk 00:55:28]} {[%emt 00:01:23]} Bg6 {[%clk 00:12:20]} {[%emt 00:00:48]} 42.
e7 {[%clk 00:54:56]} {[%emt 00:00:41]} Re8 {[%clk 00:12:11]} {[%emt 00:00:19]}
43. Rae1 {[%clk 00:54:34]} {[%emt 00:00:32]} Be4 {[%clk 00:11:51]} {[%emt
00:00:30]} 44. Rg5+ {[%clk 00:53:33]} {[%emt 00:01:11]} Bg6 {[%clk 00:11:49]}
{[%emt 00:00:11]} 45. Qf6 {[%clk 00:53:13]} {[%emt 00:00:30]} Qd7 {[%clk
00:10:56]} {[%emt 00:01:05]} 46. h4 {[%clk 00:52:52]} {[%emt 00:00:30]} Qa7+
{[%clk 00:09:39]} {[%emt 00:01:28]} 47. Kh1 {[%clk 00:52:52]} {[%emt 00:00:07]}
Qb7 {[%clk 00:06:47]} {[%emt 00:03:03]} 48. Rxg6+ {[%clk 00:52:38]} {[%emt
00:00:24]} hxg6 {[%clk 00:06:44]} {[%emt 00:00:14]} 49. Qxg6+ {[%clk 00:52:38]}
{[%emt 00:00:08]} Kh8 {[%clk 00:06:44]} {[%emt 00:00:02]} 50. Qxe8+ {[%clk
00:52:33]} {[%emt 00:00:15]} Kh7 {[%clk 00:06:44]} {[%emt 00:00:09]} 51. Qf7+
{[%clk 00:52:33]} {[%emt 00:00:06]} Kh6 {[%clk 00:06:44]} {[%emt 00:00:10]} 52.
Re6# {[%emt 00:00:05]} 1-0

[Event "2023 National K-12 Grade Championships"]
[Site "Orlando, Florida, United States"]
[Date "2023.12.15"]
[Round "2.19"]
[White "Adduri, Mansi"]
[Black "Wang, Kyle Y"]
[Result "0-1"]
[TimeControl "G/90;d10"]
[WhiteElo "1401"]
[BlackElo "2078"]

1. e4 {[%clk 01:30:00]} {[%emt 00:00:05]} e5 {[%clk 01:30:00]} {[%emt
00:00:04]} 2. Nf3 {[%clk 01:29:43]} {[%emt 00:00:05]} Nc6 {[%clk 01:29:55]}
{[%emt 00:00:37]} 3. Bc4 {[%clk 01:29:43]} {[%emt 00:00:07]} Nf6 {[%clk
01:29:55]} {[%emt 00:00:06]} 4. d3 {[%clk 01:29:28]} {[%emt 00:00:26]} Bc5
{[%clk 01:29:52]} {[%emt 00:00:13]} 5. Nc3 {[%clk 01:29:11]} {[%emt 00:00:27]}
d6 {[%clk 01:29:52]} {[%emt 00:00:10]} 6. Bg5 {[%clk 01:28:18]} {[%emt
00:01:02]} h6 {[%clk 01:29:51]} {[%emt 00:00:11]} 7. Bh4 {[%clk 01:28:16]}
{[%emt 00:00:12]} g5 {[%clk 01:29:41]} {[%emt 00:00:21]} 8. Bg3 {[%clk
01:27:36]} {[%emt 00:00:49]} Bg4 {[%clk 01:29:09]} {[%emt 00:00:41]} 9. Bb5
{[%clk 01:24:54]} {[%emt 00:02:53]} a6 {[%clk 01:26:32]} {[%emt 00:02:48]} 10.
Bxc6+ {[%clk 01:22:48]} {[%emt 00:02:15]} bxc6 {[%clk 01:26:28]} {[%emt
00:00:15]} 11. Qe2 {[%clk 01:15:12]} {[%emt 00:07:45]} Qe7 {[%clk 01:22:48]}
{[%emt 00:03:50]} 12. Rb1 {[%clk 01:07:53]} {[%emt 00:07:29]} Rb8 {[%clk
01:21:06]} {[%emt 00:01:51]} 13. Nd1 {[%clk 01:02:59]} {[%emt 00:05:05]} Nh5
{[%clk 01:18:27]} {[%emt 00:02:49]} 14. Ne3 {[%clk 00:59:14]} {[%emt 00:03:54]}
Bxe3 {[%clk 01:18:22]} {[%emt 00:00:16]} 15. Qxe3 {[%clk 00:58:22]} {[%emt
00:01:01]} Nf4 {[%emt 00:00:52]} 16. Bxf4 {[%clk 00:52:33]} {[%emt 00:05:57]}
gxf4 {[%clk 01:17:41]} {[%emt 00:00:12]} 17. Qa7 {[%clk 00:50:52]} {[%emt
00:01:50]} Rb6 {[%clk 01:15:45]} {[%emt 00:02:05]} 18. Qa8+ {[%clk 00:49:47]}
{[%emt 00:01:16]} Qd8 {[%clk 01:15:45]} {[%emt 00:00:02]} 19. Qxd8+ {[%clk
00:49:17]} {[%emt 00:00:40]} Kxd8 {[%clk 01:15:45]} {[%emt 00:00:02]} 20. Nd2
{[%clk 00:43:44]} {[%emt 00:05:43]} Be6 {[%clk 01:15:13]} {[%emt 00:00:42]} 21.
b3 {[%clk 00:41:27]} {[%emt 00:02:28]} Ke7 {[%clk 01:11:40]} {[%emt 00:03:43]}
22. g3 {[%clk 00:36:58]} {[%emt 00:04:40]} c5 {[%clk 01:06:48]} {[%emt
00:05:01]} 23. Ke2 {[%clk 00:32:27]} {[%emt 00:04:40]} Bg4+ {[%clk 01:03:46]}
{[%emt 00:03:12]} 24. f3 {[%clk 00:30:01]} {[%emt 00:02:37]} Be6 {[%clk
01:01:58]} {[%emt 00:01:57]} 25. g4 {[%clk 00:28:54]} {[%emt 00:01:17]} Rbb8
{[%clk 01:00:55]} {[%emt 00:01:13]} 26. h3 {[%clk 00:26:10]} {[%emt 00:02:54]}
c6 {[%clk 00:57:53]} {[%emt 00:03:12]} 27. c4 {[%clk 00:23:23]} {[%emt
00:02:57]} a5 {[%clk 00:56:46]} {[%emt 00:01:17]} 28. Rhg1 {[%clk 00:22:00]}
{[%emt 00:01:32]} h5 {[%clk 00:56:07]} {[%emt 00:00:50]} 29. Kf2 {[%clk
00:20:37]} {[%emt 00:01:33]} d5 {[%clk 00:51:59]} {[%emt 00:04:19]} 30. exd5
{[%clk 00:18:57]} {[%emt 00:01:50]} cxd5 {[%clk 00:51:14]} {[%emt 00:00:55]} 31.
cxd5 {[%clk 00:18:46]} {[%emt 00:00:21]} Bxd5 {[%clk 00:51:14]} {[%emt
00:00:02]} 32. Nc4 {[%clk 00:18:39]} {[%emt 00:00:17]} f6 {[%clk 00:50:13]}
{[%emt 00:01:11]} 33. g5 {[%clk 00:17:13]} {[%emt 00:01:36]} Rhg8 {[%clk
00:48:45]} {[%emt 00:01:37]} 34. gxf6+ {[%clk 00:16:14]} {[%emt 00:01:10]} Kxf6
{[%clk 00:48:45]} {[%emt 00:00:05]} 35. Nd6 {[%clk 00:15:43]} {[%emt 00:00:39]}
Rxg1 {[%clk 00:47:48]} {[%emt 00:01:08]} 36. Rxg1 {[%clk 00:15:43]} {[%emt
00:00:08]} Rd8 {[%clk 00:47:09]} {[%emt 00:00:49]} 37. Ne4+ {[%clk 00:15:34]}
{[%emt 00:00:19]} Bxe4 {[%clk 00:47:09]} {[%emt 00:00:06]} 38. fxe4 {[%clk
00:13:58]} {[%emt 00:01:46]} Rxd3 {[%clk 00:47:09]} {[%emt 00:00:09]} 39. h4
{[%clk 00:13:05]} {[%emt 00:01:03]} Rd2+ {[%clk 00:47:06]} {[%emt 00:00:14]} 40.
Ke1 {[%clk 00:12:25]} {[%emt 00:00:49]} Rxa2 {[%clk 00:47:06]} {[%emt
00:00:08]} 41. Rg5 {[%clk 00:12:05]} {[%emt 00:00:28]} Rb2 {[%clk 00:46:46]}
{[%emt 00:00:31]} 42. Rxh5 {[%clk 00:11:23]} {[%emt 00:00:52]} Rxb3 {[%clk
00:46:35]} {[%emt 00:00:21]} 43. Rf5+ {[%clk 00:10:55]} {[%emt 00:00:38]} Ke6
{[%clk 00:46:35]} {[%emt 00:00:02]} 44. h5 {[%clk 00:10:37]} {[%emt 00:00:27]}
a4 {[%clk 00:45:46]} {[%emt 00:01:00]} 45. h6 {[%clk 00:09:53]} {[%emt
00:00:54]} Rh3 {[%emt 00:00:22]} 0-1

[Event "2023 National K-12 Grade Championships"]
[Site "Orlando, Florida, United States"]
[Date "2023.12.15"]
[Round "2.20"]
[White "Anandh, Vijay Srinivas"]
[Black "Kumar, Alexei"]
[Result "1-0"]
[TimeControl "G/90;d10"]
[WhiteElo "2029"]
[BlackElo "1401"]

1. e4 {[%clk 01:30:00]} d6 {[%clk 01:29:39]} {[%emt 00:00:32]} 2. Nf3 {[%clk
01:29:27]} {[%emt 00:00:43]} Nf6 {[%clk 01:29:32]} {[%emt 00:00:17]} 3. Nc3
{[%clk 01:29:19]} {[%emt 00:00:19]} g6 {[%clk 01:29:31]} {[%emt 00:00:11]} 4.
d4 {[%clk 01:28:48]} {[%emt 00:00:41]} Bg7 {[%clk 01:29:06]} {[%emt 00:00:34]}
5. Be2 {[%clk 01:28:48]} {[%emt 00:00:05]} O-O {[%clk 01:28:53]} {[%emt
00:00:23]} 6. h3 {[%clk 01:28:28]} {[%emt 00:00:30]} e5 {[%clk 01:28:22]}
{[%emt 00:00:41]} 7. O-O {[%clk 01:27:14]} {[%emt 00:01:22]} Re8 {[%clk
01:27:48]} {[%emt 00:00:45]} 8. d5 {[%clk 01:25:46]} {[%emt 00:01:37]} Nbd7
{[%clk 01:27:30]} {[%emt 00:00:29]} 9. Bg5 {[%clk 01:23:29]} {[%emt 00:02:26]}
h6 {[%clk 01:23:07]} {[%emt 00:04:34]} 10. Be3 {[%clk 01:22:59]} {[%emt
00:00:40]} Nf8 {[%clk 01:22:45]} {[%emt 00:00:32]} 11. Qc1 {[%clk 01:16:54]}
{[%emt 00:06:14]} g5 {[%clk 01:22:21]} {[%emt 00:00:34]} 12. Nh2 {[%clk
01:13:04]} {[%emt 00:04:01]} Ng6 {[%clk 01:21:53]} {[%emt 00:00:38]} 13. Ng4
{[%clk 01:11:50]} {[%emt 00:01:23]} Nh7 {[%clk 01:20:04]} {[%emt 00:02:00]} 14.
Nh2 {[%clk 01:08:35]} {[%emt 00:03:24]} f5 {[%clk 01:19:31]} {[%emt 00:00:43]}
15. Bh5 {[%clk 01:06:50]} {[%emt 00:01:56]} Nhf8 {[%clk 01:18:55]} {[%emt
00:00:46]} 16. exf5 {[%clk 01:06:17]} {[%emt 00:00:42]} Bxf5 {[%clk 01:18:53]}
{[%emt 00:00:12]} 17. Ne2 {[%clk 01:05:46]} {[%emt 00:00:41]} Re7 {[%clk
01:17:22]} {[%emt 00:01:42]} 18. Ng3 {[%clk 01:03:03]} {[%emt 00:02:54]} Bd7
{[%clk 01:17:06]} {[%emt 00:00:22]} 19. Bg4 {[%clk 01:01:11]} {[%emt 00:02:06]}
c6 {[%clk 01:16:23]} {[%emt 00:00:53]} 20. Qd1 {[%clk 00:57:03]} {[%emt
00:04:18]} Nh7 {[%clk 01:15:19]} {[%emt 00:01:15]} 21. dxc6 {[%clk 00:54:13]}
{[%emt 00:03:00]} Bxc6 {[%clk 01:15:10]} {[%emt 00:00:19]} 22. Nf5 {[%clk
00:52:08]} {[%emt 00:02:14]} Rc7 {[%clk 01:14:19]} {[%emt 00:01:00]} 23. Nxd6
{[%clk 00:49:08]} {[%emt 00:03:10]} Nf4 {[%clk 01:12:28]} {[%emt 00:02:02]} 24.
Bxf4 {[%emt 00:02:48]} exf4 {[%clk 01:12:22]} {[%emt 00:00:14]} 25. c3 {[%clk
00:44:55]} {[%emt 00:01:48]} Nf6 {[%clk 01:11:56]} {[%emt 00:00:37]} 26. Be6+
{[%clk 00:41:52]} {[%emt 00:03:13]} Kf8 {[%clk 01:11:23]} {[%emt 00:00:42]} 27.
Nf5 {[%clk 00:38:24]} {[%emt 00:03:39]} Bd7 {[%clk 01:09:53]} {[%emt 00:01:39]}
28. Qd6+ {[%clk 00:38:02]} {[%emt 00:00:32]} Ke8 {[%clk 01:09:40]} {[%emt
00:00:23]} 29. Nxg7# {[%clk 00:38:02]} {[%emt 00:00:09]} 1-0